Housing policy technical volume part III (Record no. 414618)

000 -LEADER
fixed length control field 00433cam a22001337a 4500
008 - FIXED-LENGTH DATA ELEMENTS--GENERAL INFORMATION
fixed length control field 180718b1977 xxu||||| |||| 00| 0 eng d
020 ## - INTERNATIONAL STANDARD BOOK NUMBER
International Standard Book Number 0 11 751228 1
082 ## - DEWEY DECIMAL CLASSIFICATION NUMBER
Classification number XAx42 Un3
245 ## - TITLE STATEMENT
Title Housing policy technical volume part III
Statement of responsibility, etc. by Department Of The Environment
260 ## - PUBLICATION, DISTRIBUTION, ETC.
Place of publication, distribution, etc. London
Name of publisher, distributor, etc. Her Majesty's Sationery Office
Date of publication, distribution, etc. 1977
300 ## - PHYSICAL DESCRIPTION
Extent iv, 210p
650 ## - SUBJECT ADDED ENTRY--TOPICAL TERM
Topical term or geographic name entry element Housing - Policy - U.K.
700 ## - ADDED ENTRY--PERSONAL NAME
Personal name U.K. Department Of The Environment
Holdings
Withdrawn status Lost status Damaged status Not for loan Permanent Location Current Location Date acquired Full call number Barcode Date last seen Price effective from Koha item type
        Indian Institute of Public Administration Indian Institute of Public Administration 2009-02-25 XAx42 Un3 DA5077 2018-07-21 2018-07-21 DA

Powered by Koha